Arsenic & Rice

Rice is the staple food for half of the world’s population. Consumption of rice is the major exposure route globally to the class one, non-threshold carcinogen inorganic arsenic. This book explains the sources of arsenic to paddy soils and the biogeochemical processes and plant physiological attribu...

Full description

Bibliographic Details
Main Authors: Meharg, Andrew A. (Author), Zhao, Fang-Jie (Author)
Corporate Author: SpringerLink (Online service)
Format: Electronic eBook
Language:English
Published: Dordrecht : Springer Netherlands, 2012.
Subjects:
Online Access:Full Text via HEAL-Link
LEADER 04718nam a22005535i 4500
001 978-94-007-2947-6
003 DE-He213
005 20151125191209.0
007 cr nn 008mamaa
008 120228s2012 ne | s |||| 0|eng d
020 |a 9789400729476  |9 978-94-007-2947-6 
024 7 |a 10.1007/978-94-007-2947-6  |2 doi 
040 |d GrThAP 
050 4 |a S1-S972 
072 7 |a TVB  |2 bicssc 
072 7 |a TEC003000  |2 bisacsh 
082 0 4 |a 630  |2 23 
100 1 |a Meharg, Andrew A.  |e author. 
245 1 0 |a Arsenic & Rice  |h [electronic resource] /  |c by Andrew A. Meharg, Fang-Jie Zhao. 
264 1 |a Dordrecht :  |b Springer Netherlands,  |c 2012. 
300 |a XII, 172 p.  |b online resource. 
336 |a text  |b txt  |2 rdacontent 
337 |a computer  |b c  |2 rdamedia 
338 |a online resource  |b cr  |2 rdacarrier 
347 |a text file  |b PDF  |2 rda 
505 0 |a Acknowledgements -- Abbreviations -- Chapter 1: Introduction -- 1.1 Arsenic exposure from rice -- 1.2 Historical context -- 1.3 Biogeochemistry of paddy soils -- 1.4 Plant Physiology -- 1.5 Summary.-References -- Chapter 2: Arsenic in rice grain -- 2.1 Introduction -- 2.2 Quantification of arsenic in rice grain -- 2.3 Arsenic speciation in rice grain -- 2.4 Total grain arsenic -- 2.5 Rice products -- References -- Chapter 3: Risk from arsenic in rice grain -- 3.1 Rice consumption -- 3.2 Studies on the total intake of inorganic arsenic -- 3.3 Problems with ignoring rice when looking at dietary intake of arsenic -- 3.4 The effects of cooking rice on its arsenic content -- 3.5 Human bioavailability of arsenic in rice -- 3.6 Risk assessment from arsenic in rice -- 3.7 Food arsenic standards -- 3.8 Limiting arsenic exposure to rice -- References -- Chapter 4: Sources and losses of arsenic to paddy fields -- 4.1 Introduction -- 4.2 Sources of arsenic to paddy ecosystems -- 4.3 Paddy field arsenic cycling in a wider hydrological context -- References -- Chapter 5: Biogeochemistry of arsenic in paddy environments -- 5.1 Overview of the biogeochemistry of paddy soil -- 5.2 Arsenic transformations in paddy soil -- 5.3 Impact of groundwater irrigation on arsenic dynamics in paddy fields -- References -- Chapter 6: The physiology of arsenic in rice -- 6.1 Introduction -- 6.2 Mechanisms of arsenic uptake by roots -- 6.3 Transformation of arsenic species in plant -- 6.4 Arsenic sequestration in plant -- 6.5 Long-distance transport and unloading of arsenic to rice grain -- 6.6 Arsenic toxicity and straighthead disease -- References -- Chapter 7: Strategies for producing low arsenic rice -- 7.1 Introduction -- 7.2 Paddy field water management -- 7.3 Cultivar selection and breeding low arsenic rice -- 7.4 Fertilization and soil amendments -- References -- Chapter 8: Arsenic in other crops -- 8.1 Introduction -- 8.2 Wheat -- 8.3 Maize -- 8.4 Potato -- 8.5 Pulses -- 8.6 Vegetables -- 8.7 Fruits -- References. 
520 |a Rice is the staple food for half of the world’s population. Consumption of rice is the major exposure route globally to the class one, non-threshold carcinogen inorganic arsenic. This book explains the sources of arsenic to paddy soils and the biogeochemical processes and plant physiological attributes of paddy soil-rice ecosystems that lead to high concentrations of arsenic in rice grain. It presents the global pattern of arsenic concentration and speciation in rice, discusses human exposures to inorganic arsenic from rice and the resulting health risks. It also highlights particular populations that have the highest rice consumptions, which include Southern and South East Asians, weaning babies, gluten intolerance sufferers and those consuming rice milk. The book also presents the information of arsenic concentration and speciation in other major crops and outlines approaches for lowering arsenic in rice grain and in the human diet through agronomic management. 
650 0 |a Life sciences. 
650 0 |a Geobiology. 
650 0 |a Agriculture. 
650 0 |a Plant physiology. 
650 0 |a Environmental chemistry. 
650 0 |a Environmental management. 
650 0 |a Soil science. 
650 0 |a Soil conservation. 
650 1 4 |a Life Sciences. 
650 2 4 |a Agriculture. 
650 2 4 |a Plant Physiology. 
650 2 4 |a Biogeosciences. 
650 2 4 |a Environmental Management. 
650 2 4 |a Environmental Chemistry. 
650 2 4 |a Soil Science & Conservation. 
700 1 |a Zhao, Fang-Jie.  |e author. 
710 2 |a SpringerLink (Online service) 
773 0 |t Springer eBooks 
776 0 8 |i Printed edition:  |z 9789400729469 
856 4 0 |u http://dx.doi.org/10.1007/978-94-007-2947-6  |z Full Text via HEAL-Link 
912 |a ZDB-2-SBL 
950 |a Biomedical and Life Sciences (Springer-11642)